000 01601nam a22001577a 4500
999 _c519417
_d519417
008 220314b ||||| |||| 00| 0 eng d
100 _aBerke, Rik Van
_932342
245 _aEmployer engagement in promoting the labour-market participation of jobseekers with disabilities: An employer perspective
260 _aSocial Policy and Society
300 _a20(4), Oct, 2021: p.533-547
520 _aThis article contributes to the literature on engaging employers in activation policies. It focuses on a specific policy aimed at promoting the labour-market participation of people with disabilities. Unlike many activation policies, this policy recognises that the engagement of employers and the human resource management practices in their organisations are crucial factors for the policy’s success. The article reports on a study among employers participating in this policy. It focuses on the challenges employers experience in placing people with disabilities in their organisations, and on the public support they expect in dealing with these challenges. The article concludes that as promoting the labour-market participation of groups remote from the labour market requires social policy interventions as well as interventions in organisational human resource management, it poses challenges for policy makers, agencies providing employment services, and employers and their organisations. – Reproduced
650 _aEmployer engagement, Disability, Activation policy, HRM, Employment services.
_930424
773 _aSocial Policy and Society
906 _aLABOUR MARKET
942 _cAR